[Event "MVP-ch Seniors op 14th"]
[Site "Binz"]
[Date "2014.12.03"]
[Round "9"]
[White "Thielemann, Joachim"]
[Black "Schulz, Hermann"]
[Result "1-0"]
[WhiteElo "1674"]
[BlackElo "1491"]
[PlyCount "53"]
[EventDate "2014.11.25"]
[EventType "swiss"]
[EventRounds "9"]
[EventCountry "GER"]
[SourceTitle "EXT 2016"]
[Source "ChessBase"]
[SourceDate "2015.10.08"]
[SourceVersion "1"]
[SourceVersionDate "2015.10.08"]
[SourceQuality "1"]

1. e4 c5 2. Nc3 d6 3. g3 Nf6 4. Bg2 Nc6 5. d3 e6 6. f4 Be7 7. Nge2 e5 8. 0-0 Bg4 9. h3 Bxe2 10. Nxe2 exf4 11. Nxf4 Qd7 12. c3 0-0-0 13. Be3 Kb8 14. a3 g5 15. Nh5 Nxh5 16. Qxh5 f6 17. d4 Qe8 18. Qf3 h5 19. b4 c4 20. a4 Qd7 21. Qe2 Rc8 22. a5 Qc7 23. Rf5 Nd8 24. b5 Ne6 25. Qb2 Ng7 26. b6 Qd7 27. a6 1-0

[Event "MVP-ch Seniors op 14th"]
[Site "Binz"]
[Date "2014.11.25"]
[Round "1"]
[White "Just, Joachim"]
[Black "Schulz, Hermann"]
[Result "1-0"]
[WhiteElo "1863"]
[BlackElo "1491"]
[PlyCount "105"]
[EventDate "2014.11.25"]
[EventType "swiss"]
[EventRounds "9"]
[EventCountry "GER"]
[SourceTitle "EXT 2016"]
[Source "ChessBase"]
[SourceDate "2015.10.08"]
[SourceVersion "1"]
[SourceVersionDate "2015.10.08"]
[SourceQuality "1"]

1. d4 Nf6 2. Bf4 e6 3. Nf3 d5 4. Nbd2 Be7 5. e3 Nbd7 6. Be2 0-0 7. c3 b6 8. Qc2 Bb7 9. h3 Rc8 10. g4 Ne4 11. Nxe4 dxe4 12. Nd2 f5 13. Qb3 Bd5 14. c4 Ba8 15. gxf5 exf5 16. 0-0-0 Kh8 17. Kb1 Nf6 18. Be5 Qe8 19. Rdg1 Bc6 20. Rg2 Bd7 21. Rhg1 g6 22. Qc3 Be6 23. Nb3 c6 24. Nc1 Rd8 25. Bd1 Qf7 26. Bb3 Bd6 27. Bxd6 Rxd6 28. Ne2 b5 29. c5 Rd7 30. Bxe6 Qxe6 31. Nf4 Qe8 32. d5 cxd5 33. c6 Rd6 34. Rc1 Qc8 35. Ne2 Kg8 36. Qc5 Qc7 37. Nd4 a6 38. Nxf5 Rdd8 39. Nd4 Kf7 40. b4 Rfe8 41. h4 Re5 42. Rg5 Re7 43. Rcg1 Rd6 44. h5 Nxh5 45. Rxd5 Rf6 46. Rg2 Ng7 47. Rdg5 Ne6 48. Qd5 Kf8 49. Re5 Nxd4 50. Rxe7 Qxe7 51. Qxd4 Rxc6 52. Qh8+ Kf7 53. Qxh7+ 1-0

[Event "Merano Gold Cup 42nd"]
[Site "Merano"]
[Date "2014.04.25"]
[Round "1"]
[White "Spanton, Timothy"]
[Black "Schulz, Hermann"]
[Result "1-0"]
[WhiteElo "1949"]
[BlackElo "1707"]
[PlyCount "27"]
[EventDate "2014.04.25"]
[EventType "swiss"]
[EventRounds "9"]
[EventCountry "ITA"]
[SourceTitle "EXT 2015"]
[Source "ChessBase"]
[SourceDate "2014.11.20"]
[SourceVersion "1"]
[SourceVersionDate "2014.11.20"]
[SourceQuality "1"]

1. d4 Nf6 2. Nf3 e6 3. Bf4 d5 4. e3 Be7 5. Bd3 Nbd7 6. Nbd2 b6 7. Ne5 Bb7 8. Qf3 Rc8 9. 0-0 0-0 10. Rad1 c5 11. c3 Re8 12. Bb5 a6 13. Bxd7 Nxd7 14. Nxf7 1-0

[Event "MVP-ch Seniors op 13th"]
[Site "Binz"]
[Date "2013.12.02"]
[Round "6"]
[White "Wiebke, Elfriede"]
[Black "Schulz, Hermann"]
[Result "0-1"]
[WhiteElo "1035"]
[BlackElo "1410"]
[PlyCount "50"]
[EventDate "2013.11.27"]
[EventType "swiss"]
[EventRounds "9"]
[EventCountry "GER"]
[SourceTitle "EXT 2015"]
[Source "ChessBase"]
[SourceDate "2014.11.20"]
[SourceVersion "1"]
[SourceVersionDate "2014.11.20"]
[SourceQuality "1"]

1. e4 c5 2. Nf3 d6 3. c3 Nf6 4. e5 dxe5 5. Nxe5 e6 6. Bb5+ Bd7 7. Bxd7+ Nbxd7 8. Qa4 Be7 9. Nxd7 Nxd7 10. 0-0 0-0 11. d3 Nf6 12. h3 a6 13. Qd1 Qc7 14. f4 Rad8 15. c4 Rd7 16. Rf3 Rfd8 17. Qf1 Rd4 18. Nc3 Qd7 19. Ne4 Nxe4 20. Re3 Nf6 21. b3 Rxd3 22. Re1 Qd4+ 23. Be3 Rxe3 24. Kh2 Rxe1 25. Rxe1 Bd6 0-1

[Event "MVP-ch Seniors op 12th"]
[Site "Binz"]
[Date "2012.12.06"]
[Round "9"]
[White "Rollwitz, Inge"]
[Black "Schulz, Hermann"]
[Result "1/2-1/2"]
[WhiteElo "1288"]
[BlackElo "1364"]
[PlyCount "65"]
[EventDate "2012.11.28"]
[EventType "swiss"]
[EventRounds "9"]
[EventCountry "GER"]
[SourceTitle "EXT 2014"]
[Source "ChessBase"]
[SourceDate "2013.11.20"]
[SourceVersion "1"]
[SourceVersionDate "2013.11.20"]
[SourceQuality "1"]

1. d4 Nf6 2. g3 g6 3. Bg2 Bg7 4. e3 d5 5. Ne2 0-0 6. Nbc3 c6 7. 0-0 Bf5 8. a3 Re8 9. b4 e5 10. dxe5 Rxe5 11. Bb2 Re8 12. Nd4 Qd7 13. Nxf5 Qxf5 14. Qd3 Qxd3 15. cxd3 a6 16. Rad1 Nbd7 17. d4 Nb6 18. Bc1 Nc4 19. Nb1 a5 20. Nd2 Nxd2 21. Bxd2 axb4 22. Bxb4 Bf8 23. Rb1 Ra4 24. Bxf8 Kxf8 25. Rxb7 Rxa3 26. Rfb1 Ne4 27. Bxe4 Rxe4 28. Rc1 Ra6 29. Rc7 Re6 30. Kg2 Rf6 31. Rc3 Ra2 32. R7xc6 Rfxf2+ 33. Kg1 1/2-1/2

[Event "MVP-ch Seniors op 12th"]
[Site "Binz"]
[Date "2012.12.03"]
[Round "6"]
[White "Schulz, Hermann"]
[Black "Giering, Gregor"]
[Result "1/2-1/2"]
[WhiteElo "1364"]
[BlackElo "1561"]
[PlyCount "96"]
[EventDate "2012.11.28"]
[EventType "swiss"]
[EventRounds "9"]
[EventCountry "GER"]
[SourceTitle "EXT 2014"]
[Source "ChessBase"]
[SourceDate "2013.11.20"]
[SourceVersion "1"]
[SourceVersionDate "2013.11.20"]
[SourceQuality "1"]

1. e4 c5 2. Nf3 Nc6 3. d4 cxd4 4. Nxd4 Ne5 5. Be2 Nf6 6. Nc3 b6 7. 0-0 Bb7 8. f3 e6 9. Be3 Rc8 10. Qd2 Nc4 11. Bxc4 Rxc4 12. Rad1 Bb4 13. Ndb5 0-0 14. a3 Bxc3 15. Nxc3 a6 16. Bd4 d5 17. Qe3 b5 18. exd5 Nxd5 19. Nxd5 Bxd5 20. c3 Qe7 21. Rfe1 a5 22. Bxg7 Rd8 23. Qe5 Qc7 24. Qg5 Qf4 25. Qxd8+ Kxg7 26. Rxd5 exd5 27. Qxd5 b4 28. axb4 axb4 29. Qe5+ Qxe5 30. Rxe5 bxc3 31. bxc3 Rxc3 32. Kf2 Kf6 33. Re4 h6 34. Kg3 Rc2 35. h3 Rb2 36. Rf4+ Kg6 37. Rg4+ Kf6 38. Kh4 Rb5 39. f4 Rd5 40. g3 Rc5 41. Rg8 Rf5 42. Kg4 Rc5 43. Rd8 Kg6 44. Rd6+ f6 45. Rd3 Rb5 46. Kf3 h5 47. Ke4 f5+ 48. Kf3 Rb6 1/2-1/2

[Event "MVP-ch Seniors op 11th"]
[Site "Binz"]
[Date "2011.12.08"]
[Round "9.77"]
[White "Geibel, Henning"]
[Black "Schulz, Hermann"]
[Result "1/2-1/2"]
[WhiteElo "1155"]
[BlackElo "1401"]
[PlyCount "41"]
[EventDate "2011.11.30"]
[EventType "swiss"]
[EventRounds "9"]
[EventCountry "GER"]
[SourceTitle "EXT 2013"]
[Source "ChessBase"]
[SourceDate "2012.11.22"]
[SourceVersion "1"]
[SourceVersionDate "2012.11.22"]
[SourceQuality "1"]

1. e4 c5 2. Nf3 d6 3. Be2 Nf6 4. d3 e6 5. 0-0 Be7 6. Nc3 Nc6 7. d4 cxd4 8. Nxd4 Bd7 9. a3 a6 10. b4 0-0 11. Nf3 Rc8 12. Qd3 Qc7 13. Bb2 Rfd8 14. Nd4 Ne5 15. Qd2 Nc4 16. Bxc4 Qxc4 17. Rfe1 Qc7 18. a4 Qc4 19. b5 axb5 20. axb5 Ra8 21. h3 1/2-1/2

[Event "Merano Gold Cup 39th"]
[Site "Merano"]
[Date "2011.05.03"]
[Round "5"]
[White "Schulz, Hermann"]
[Black "Thonig, Manfred"]
[Result "1/2-1/2"]
[WhiteElo "1811"]
[BlackElo "1664"]
[PlyCount "56"]
[EventDate "2011.04.30"]
[EventType "swiss"]
[EventRounds "9"]
[EventCountry "ITA"]
[SourceTitle "EXT 2015"]
[Source "ChessBase"]
[SourceDate "2014.11.20"]
[SourceVersion "1"]
[SourceVersionDate "2014.11.20"]
[SourceQuality "1"]

1. e4 g6 2. d4 Bg7 3. Nf3 d6 4. Bc4 e6 5. Nc3 Nd7 6. 0-0 Ne7 7. Be3 b6 8. Qd2 h6 9. Rad1 Bb7 10. Rfe1 Nf6 11. Bf4 a6 12. h3 Nh5 13. Bh2 Qd7 14. Qe2 0-0 15. e5 d5 16. Bd3 Bh8 17. g4 Ng7 18. Qd2 Kh7 19. Bf4 Ng8 20. Kh2 c5 21. b3 c4 22. bxc4 dxc4 23. Be4 Bxe4 24. Nxe4 Qe7 25. Nfg5+ hxg5 26. Nxg5+ Kh6 27. Nxe6+ Kh7 28. Ng5+ Kh6 1/2-1/2

[Event "Mecklenburg VP-ch Seniors op 09th"]
[Site "Binz"]
[Date "2009.12.05"]
[Round "5.51"]
[White "Schulz, Hermann"]
[Black "Ludwig, Siegfried"]
[Result "1/2-1/2"]
[WhiteElo "1571"]
[BlackElo "1352"]
[PlyCount "36"]
[EventDate "2009.12.01"]
[EventType "swiss"]
[EventRounds "9"]
[EventCountry "GER"]
[SourceTitle "EXT 2022"]
[Source "ChessBase"]
[SourceDate "2021.10.06"]
[SourceVersion "1"]
[SourceVersionDate "2021.10.06"]
[SourceQuality "1"]

1. e4 e5 2. Nf3 Nc6 3. Bb5 d6 4. 0-0 Bd7 5. c3 Nf6 6. Re1 a6 7. Ba4 b5 8. Bb3 Be7 9. d4 Bg4 10. d5 Na5 11. Bc2 0-0 12. Nbd2 Qd7 13. Nf1 c6 14. dxc6 Nxc6 15. Ng3 g6 16. Qd3 Bxf3 17. Qxf3 Qg4 18. Qxg4 Nxg4 1/2-1/2

[Event "Mecklenburg VP-ch Seniors op 09th"]
[Site "Binz"]
[Date "2009.12.03"]
[Round "3.52"]
[White "Schulz, Hermann"]
[Black "Moeller, Peter1"]
[Result "1-0"]
[WhiteElo "1571"]
[BlackElo "1354"]
[PlyCount "57"]
[EventDate "2009.12.01"]
[EventType "swiss"]
[EventRounds "9"]
[EventCountry "GER"]
[SourceTitle "EXT 2022"]
[Source "ChessBase"]
[SourceDate "2021.10.06"]
[SourceVersion "1"]
[SourceVersionDate "2021.10.06"]
[SourceQuality "1"]

1. e4 c5 2. Nf3 e6 3. d4 cxd4 4. Nxd4 Be7 5. Nc3 Nc6 6. Be3 Nf6 7. Be2 Nxd4 8. Bxd4 d5 9. exd5 exd5 10. 0-0 0-0 11. Re1 Be6 12. Bf3 Bb4 13. Re2 Bxc3 14. Bxc3 Bg4 15. Bxf6 Bxf3 16. Bxd8 Bxe2 17. Qxe2 Raxd8 18. Rd1 Rd7 19. Qf3 Rfd8 20. h3 f6 21. Qf5 h6 22. Rd4 b5 23. Qe6+ Kf8 24. Qc6 Ke7 25. Qxb5 Ke6 26. c4 dxc4 27. Qxc4+ Ke7 28. Rxd7+ Rxd7 29. b4 1-0

[Event "Merano Cup Gold 37th"]
[Site "Merano"]
[Date "2009.04.25"]
[Round "9"]
[White "Nischler, Hermann"]
[Black "Schulz, Hermann"]
[Result "1/2-1/2"]
[WhiteElo "1200"]
[BlackElo "1832"]
[PlyCount "38"]
[EventDate "2009.04.17"]
[EventType "swiss"]
[EventRounds "9"]
[EventCountry "ITA"]
[SourceTitle "CBM 130 Extra"]
[Source "ChessBase"]
[SourceDate "2009.07.02"]
[SourceVersion "2"]
[SourceVersionDate "2009.07.15"]
[SourceQuality "1"]

1. e4 c5 2. f4 d6 3. Nf3 Nc6 4. Bb5 Bd7 5. 0-0 Nf6 6. d3 e6 7. Nc3 a6 8. Bxc6 Bxc6 9. b3 Be7 10. Bd2 0-0 11. Rb1 Qc7 12. Ne2 Rad8 13. c4 Ne8 14. Ng3 Nf6 15. Qe1 Bd7 16. a4 Rfe8 17. h3 h6 18. Kh2 b6 19. Kg1 a5 1/2-1/2

[Event "Merano Cup Gold 37th"]
[Site "Merano"]
[Date "2009.04.24"]
[Round "8"]
[White "Schulz, Hermann"]
[Black "Egger, Herbert"]
[Result "0-1"]
[WhiteElo "1832"]
[BlackElo "1782"]
[PlyCount "66"]
[EventDate "2009.04.17"]
[EventType "swiss"]
[EventRounds "9"]
[EventCountry "ITA"]
[SourceTitle "CBM 130 Extra"]
[Source "ChessBase"]
[SourceDate "2009.07.02"]
[SourceVersion "2"]
[SourceVersionDate "2009.07.15"]
[SourceQuality "1"]

1. e4 e5 2. Nf3 Nc6 3. Bc4 Be7 4. c3 Nf6 5. d3 d6 6. h3 0-0 7. Be3 b6 8. Bb3 Bb7 9. Nbd2 d5 10. 0-0 dxe4 11. dxe4 Qc8 12. Re1 Nd7 13. Bg5 Qd8 14. Bxe7 Qxe7 15. Nf1 Rad8 16. Qe2 Nc5 17. Bc2 Ne6 18. Ng3 Nf4 19. Qe3 Qf6 20. Rad1 Rxd1 21. Rxd1 Bc8 22. Kh2 h5 23. Ne2 h4 24. Nxf4 exf4 25. Qe2 Re8 26. Nd4 Ne5 27. f3 Qg5 28. Qf2 Nc4 29. b3 Ne3 30. Rd2 Ba6 31. c4 Qg3+ 32. Kg1 Rd8 33. Rd3 Qxf2+ 0-1

[Event "Merano Cup Gold 37th"]
[Site "Merano"]
[Date "2009.04.23"]
[Round "7"]
[White "Helbig, Dieter"]
[Black "Schulz, Hermann"]
[Result "1/2-1/2"]
[WhiteElo "1874"]
[BlackElo "1832"]
[PlyCount "58"]
[EventDate "2009.04.17"]
[EventType "swiss"]
[EventRounds "9"]
[EventCountry "ITA"]
[SourceTitle "EXT 2019"]
[Source "ChessBase"]
[SourceDate "2018.10.10"]
[SourceVersion "1"]
[SourceVersionDate "2018.10.10"]
[SourceQuality "1"]

1. c4 e5 2. Nc3 Nf6 3. g3 Nc6 4. Bg2 d6 5. Nf3 Be7 6. 0-0 0-0 7. h3 Be6 8. b3 Rb8 9. e3 h6 10. d4 exd4 11. Nxd4 Nxd4 12. Qxd4 a6 13. Qd3 Re8 14. e4 Qc8 15. Kh2 Bd7 16. Be3 Bc6 17. Ba7 Ra8 18. Bd4 Nd7 19. f4 Bf6 20. b4 b6 21. a3 Bb7 22. Rae1 Qd8 23. Bxf6 Nxf6 24. Nd5 Nxd5 25. cxd5 Bc8 26. Rf2 Bd7 27. Qb3 Re7 28. a4 Qe8 29. Ra2 c6 1/2-1/2

[Event "Merano Cup Gold 37th"]
[Site "Merano"]
[Date "2009.04.22"]
[Round "6"]
[White "Aufmwasser, Guenter"]
[Black "Schulz, Hermann"]
[Result "1/2-1/2"]
[WhiteElo "1815"]
[BlackElo "1832"]
[PlyCount "21"]
[EventDate "2009.04.17"]
[EventType "swiss"]
[EventRounds "9"]
[EventCountry "ITA"]
[SourceTitle "CBM 130 Extra"]
[Source "ChessBase"]
[SourceDate "2009.07.02"]
[SourceVersion "2"]
[SourceVersionDate "2009.07.15"]
[SourceQuality "1"]

1. f4 d5 2. Nf3 Nf6 3. e3 g6 4. Be2 Bg7 5. 0-0 0-0 6. c3 c5 7. d3 Nc6 8. Ne5 Qc7 9. Nxc6 Qxc6 10. d4 Bf5 11. Bd3 1/2-1/2

[Event "Merano Cup Gold 37th"]
[Site "Merano"]
[Date "2009.04.20"]
[Round "4"]
[White "Bangert, Ruediger"]
[Black "Schulz, Hermann"]
[Result "1-0"]
[WhiteElo "1709"]
[BlackElo "1832"]
[PlyCount "91"]
[EventDate "2009.04.17"]
[EventType "swiss"]
[EventRounds "9"]
[EventCountry "ITA"]
[SourceTitle "CBM 130 Extra"]
[Source "ChessBase"]
[SourceDate "2009.07.02"]
[SourceVersion "2"]
[SourceVersionDate "2009.07.15"]
[SourceQuality "1"]

1. d4 Nf6 2. c4 e6 3. Bg5 d5 4. cxd5 exd5 5. Nc3 Be7 6. e3 0-0 7. Bd3 c6 8. Nge2 Re8 9. 0-0 Bg4 10. a3 Nbd7 11. b4 a6 12. f3 Bh5 13. Nf4 Bg6 14. Bxg6 hxg6 15. Na4 Nh7 16. Bxe7 Qxe7 17. Re1 Nhf6 18. Qc1 g5 19. Nd3 g4 20. f4 Ne4 21. Nac5 Ndf6 22. Nxe4 Nxe4 23. Ne5 f5 24. Qc2 Rad8 25. Rac1 Rd6 26. g3 Rh6 27. Re2 Rf8 28. Rg2 Rff6 29. Qa4 Rh3 30. Qa5 Rfh6 31. Rcc2 Qe8 32. Qc7 Qh5 33. Qd8+ Kh7 34. Qf8 Rf6 35. Qb8 Rh6 36. Qxb7 Rxg3 37. Kh1 Rxe3 38. Rc1 Ng3+ 39. Kg1 Ne2+ 40. Kf2 Re4 41. Nf3 Nxf4 42. h4 Rg6 43. Rxc6 Re2+ 44. Kf1 Rxg2 45. Rxg6 gxf3 46. Qxg7# 1-0

[Event "Blankenburg op-A 15th"]
[Site "Blankenburg"]
[Date "2007.09.30"]
[Round "3"]
[White "Schulz, Hermann"]
[Black "Kasper, Mike"]
[Result "1-0"]
[WhiteElo "1869"]
[BlackElo "1946"]
[PlyCount "97"]
[EventDate "2007.09.29"]
[EventType "swiss"]
[EventRounds "7"]
[EventCountry "GER"]
[SourceTitle "EXT 2009"]
[Source "ChessBase"]
[SourceDate "2008.11.26"]
[SourceVersion "1"]
[SourceVersionDate "2008.11.26"]
[SourceQuality "1"]

1. e4 c5 2. Nc3 Nc6 3. f4 e6 4. Nf3 d5 5. Bb5 a6 6. Bxc6+ bxc6 7. d3 Nf6 8. e5 Nd7 9. 0-0 Be7 10. Qe1 0-0 11. Qg3 f5 12. Nd1 Rf7 13. Ne3 Kh8 14. Qh3 Nf8 15. g3 Kg8 16. Qg2 Ng6 17. h4 h6 18. h5 Nh8 19. c3 Bd7 20. g4 fxg4 21. Nxg4 Kh7 22. Qc2 Rf5 23. d4 Qe8 24. Ne3 Qxh5 25. Nxf5 exf5 26. Qg2 Be6 27. Kf2 Ng6 28. Rh1 Qg4 29. Qxg4 fxg4 30. Ng5+ Bxg5 31. fxg5 Rf8+ 32. Ke2 Nf4+ 33. Bxf4 Rxf4 34. gxh6 gxh6 35. Raf1 Re4+ 36. Kd3 cxd4 37. cxd4 c5 38. dxc5 Rxe5 39. c6 Kg6 40. Re1 Bf5+ 41. Kd4 Re4+ 42. Rxe4 dxe4 43. Ke5 e3 44. Re1 Kg5 45. Rxe3 h5 46. Rb3 h4 47. Rb8 g3 48. c7 g2 49. Rg8+ 1-0

[Event "Blankenburg op-A 14th"]
[Site "Blankenburg"]
[Date "2006.10.01"]
[Round "4"]
[White "Schulz, Hermann"]
[Black "Heinze, Alexander"]
[Result "0-1"]
[WhiteElo "1899"]
[BlackElo "2089"]
[PlyCount "120"]
[EventDate "2006.09.29"]
[EventType "swiss"]
[EventRounds "7"]
[EventCountry "GER"]
[SourceTitle "EXT 2015"]
[Source "ChessBase"]
[SourceDate "2014.11.20"]
[SourceVersion "1"]
[SourceVersionDate "2014.11.20"]
[SourceQuality "1"]

1. e4 c5 2. Nc3 Nc6 3. f4 g6 4. Nf3 Bg7 5. Bc4 d6 6. d3 e6 7. 0-0 Nge7 8. Qe1 a6 9. a4 Bd7 10. Nd1 Nb4 11. Bb3 b5 12. Qe2 0-0 13. c3 Nbc6 14. Ne3 Qb6 15. Kh1 Na5 16. Bc2 Rfb8 17. Ng4 Qd8 18. f5 exf5 19. Nh6+ Bxh6 20. Bxh6 f6 21. b4 fxe4 22. dxe4 Nc4 23. Bb3 Be6 24. Nd2 Nc6 25. Nxc4 bxc4 26. Bxc4 Qe7 27. bxc5 dxc5 28. Bxe6+ Qxe6 29. Qf3 Ne5 30. Qe2 Rb3 31. Rab1 Rab8 32. Qa2 c4 33. Bf4 Qb6 34. Rbc1 Rd8 35. Bxe5 fxe5 36. Rb1 Rb8 37. Rbc1 Qd6 38. Rfd1 Qa3 39. Qd2 Qc5 40. Qd5+ Qxd5 41. exd5 Rd8 42. Kg1 Ra3 43. Kf2 Rxa4 44. Ke3 Ra2 45. Rb1 Rxg2 46. h4 Rg3+ 47. Ke4 Rxc3 48. Kxe5 Rh3 49. Ra1 Rxh4 50. Rxa6 c3 51. Rc6 Rh3 52. d6 Re3+ 53. Kd4 c2 54. Rc1 Re2 55. Kd3 Re6 56. Kxc2 Rexd6 57. Rc7 R8d7 58. Rc8+ Kg7 59. Re1 h5 60. Ree8 Kh6 0-1

[Event "Wildbad Seniors op 7th"]
[Site "Bad Wildbad"]
[Date "2005.10.24"]
[Round "4"]
[White "Schulz, Hermann"]
[Black "Heymann, Marianne"]
[Result "0-1"]
[WhiteElo "1576"]
[BlackElo "1634"]
[PlyCount "42"]
[EventDate "2005.10.21"]
[EventType "swiss"]
[EventRounds "9"]
[EventCountry "GER"]
[SourceTitle "EXT 2007"]
[Source "ChessBase"]
[SourceDate "2006.11.23"]
[SourceVersion "1"]
[SourceVersionDate "2006.11.23"]
[SourceQuality "1"]

1. e4 e6 2. d4 d5 3. Nc3 Bb4 4. e5 c5 5. a3 Bxc3+ 6. bxc3 Qc7 7. Nf3 Nc6 8. Bd3 Nge7 9. 0-0 c4 10. Be2 Bd7 11. Bb2 f6 12. exf6 gxf6 13. Nh4 0-0-0 14. a4 Ng6 15. Nf3 Nf4 16. Bc1 Rdg8 17. Bxf4 Qxf4 18. g3 h5 19. Kh1 Qe4 20. Qd2 h4 21. Qe3 hxg3 0-1